000 01360nam0a2200361 4500
001 RU\NLR\bibl\206449
005 20260405075156.0
010 _a5-17-007169-8
_910000
021 _aRU
_b2001-31170
_91487
035 _a(NLR Aleph) 000202695
090 _a1175000
_c1175000
100 _a20011114d2001 |||y0rusy50 ca
101 0 _arus
102 _aRU
105 _aa |||||||||
200 1 _aКонкурс красоты в шестом "А"
_e[Повесть
_eДля сред. шк. возраста]
_fЛюдмила Матвеева
_g[Худож. В.В. Мосин]
210 _aМ.
_cОлимп
_aНазрань
_cАСТ
_d2001
215 _a265, [2] с.
_cил.
_d21
225 1 _aЛюбимые книги девочек
610 0 _aШкольники в Российской Федерации (д. л.)
675 _a821.161.1-93Матвеева
_v3
_zrus
686 _a17.82.93
_2rugasnti
686 _a84(2Рос=Рус)6-44
_2rubbk
686 _aШ9(2)62=Р7-4
700 1 _4070
_8rus
_7ca
_aМатвеева
_bЛ. Г.
_cдетский писатель
_f1928-
_gЛюдмила Григорьевна
_3RU\NLR\auth\7726794
_99832
801 0 _aRU
_bRKP
_c20011114
_gPSBO
801 1 _aRU
_bRKP
_c20011114
801 2 _aRU
_bNLR
_c20120505
_grcr
942 _cBOOK
980 _aNB